Other voices: (Record no. 7787)

MARC details
000 -LEADER
fixed length control field 00730 a2200217 4500
010 ## - LCCN (DPL NO)
LC control number ENG-88183
020 ## - INTERNATIONAL STANDARD BOOK NUMBER
International Standard Book Number 9780761936022
Terms of availability 650.00
035 ## - SYSTEM CONTROL NUMBER
System control number EN-71716
037 ## - SOURCE OF ACQUISITION
Source of stock number/acquisition DBAD / PUB
082 00 - DEWEY DECIMAL CLASSIFICATION NUMBER
Classification number 384.540954
100 1# - MAIN ENTRY--PERSONAL NAME
Personal name Pavarala, Vinod
245 10 - TITLE STATEMENT
Title Other voices:
Remainder of title the struggle for community radio in India /
Statement of responsibility, etc by Vinod Pavarala [and] Kanchan K. Malik
260 ## - PUBLICATION, DISTRIBUTION, ETC. (IMPRINT)
Place of publication, distribution, etc New Delhi
Name of publisher, distributor, etc Sage Publications
Date of publication, distribution, etc 2007
300 ## - PHYSICAL DESCRIPTION
Extent 318p.
Dimensions 22cm(Hb )
650 #0 - SUBJECT ADDED ENTRY--TOPICAL TERM
Topical term or geographic name as entry element Community radio
Geographic subdivision India
650 #0 - SUBJECT ADDED ENTRY--TOPICAL TERM
Topical term or geographic name as entry element Broadcasting policy
Geographic subdivision India
650 #0 - SUBJECT ADDED ENTRY--TOPICAL TERM
Topical term or geographic name as entry element Communication
General subdivision Political aspects
Geographic subdivision India
650 #0 - SUBJECT ADDED ENTRY--TOPICAL TERM
Topical term or geographic name as entry element Communication
General subdivision Social aspects
Geographic subdivision India
700 1# - ADDED ENTRY--PERSONAL NAME
Personal name Malik, Kanchan K.,
Dates associated with a name 1968-
942 ## - ADDED ENTRY ELEMENTS (KOHA)
Institution code [OBSOLETE] dpl
Item type English Books
Source of classification or shelving scheme Dewey Decimal Classification
Classification part 384.540954
Call number suffix PAV
Holdings
Withdrawn status Lost status Not for loan Collection code Home library Current library Source of acquisition Cost, normal purchase price Full call number Barcode Copy number Cost, replacement price Koha item type
    Not For Loan Non-fiction D.B.Act.Division D.B.Act.Division DBAD/PUB 650.00 384.540954 PAV EN-71716 1 650.00 English Books

© Delhi Public Library
Hit Counter
free hit counter